The new solar system / (Record no. 3775)
[ view plain ]
| 000 -LEADER | |
|---|---|
| fixed length control field | 01009cam a2200289 a 4500 |
| 001 - CONTROL NUMBER | |
| control field | 4981008 |
| 003 - CONTROL NUMBER IDENTIFIER | |
| control field | OSt |
| 005 - DATE AND TIME OF LATEST TRANSACTION | |
| control field | 20160426154932.0 |
| 008 - FIXED-LENGTH DATA ELEMENTS--GENERAL INFORMATION | |
| fixed length control field | 980707s1999 enka b 001 0 eng |
| 010 ## - LIBRARY OF CONGRESS CONTROL NUMBER | |
| LC control number | 98034472 |
| 020 ## - INTERNATIONAL STANDARD BOOK NUMBER | |
| International Standard Book Number | 0521645875 |
| 040 ## - CATALOGING SOURCE | |
| Original cataloging agency | DLC |
| Transcribing agency | DLC |
| Modifying agency | DLC |
| 050 00 - LIBRARY OF CONGRESS CALL NUMBER | |
| Classification number | QB501 |
| Item number | .N47 1999 |
| 082 00 - DEWEY DECIMAL CLASSIFICATION NUMBER | |
| Classification number | 523.2 |
| Edition number | 21 |
| Item number | SOL 1999 |
| 245 04 - TITLE STATEMENT | |
| Title | The new solar system / |
| Statement of responsibility, etc. | edited by J. Kelly Beatty, Carolyn Collins Petersen, Andrew Chaikin. |
| 250 ## - EDITION STATEMENT | |
| Edition statement | 4th ed. |
| 260 ## - PUBLICATION, DISTRIBUTION, ETC. (IMPRINT) | |
| Place of publication, distribution, etc. | Cambridge ; |
| -- | New York : |
| Name of publisher, distributor, etc. | Sky Pub., |
| Date of publication, distribution, etc. | 1999. |
| 300 ## - PHYSICAL DESCRIPTION | |
| Extent | viii, 421 p. : |
| Other physical details | col.ill ; |
| Dimensions | 29 cm. |
| 504 ## - BIBLIOGRAPHY, ETC. NOTE | |
| Bibliography, etc | Includes bibliographical references (p. 403-412) and index. |
| 651 #0 - SUBJECT ADDED ENTRY--GEOGRAPHIC NAME | |
| Geographic name | Solar system. |
| 9 (RLIN) | 8030 |
| 700 1# - ADDED ENTRY--PERSONAL NAME | |
| Personal name | Beatty, J. Kelly. |
| 9 (RLIN) | 8312 |
| 700 1# - ADDED ENTRY--PERSONAL NAME | |
| Personal name | Petersen, Carolyn Collins. |
| 9 (RLIN) | 8313 |
| 700 1# - ADDED ENTRY--PERSONAL NAME | |
| Personal name | Chaikin, Andrew, |
| Dates associated with a name | 1956- |
| 9 (RLIN) | 8314 |
| 906 ## - LOCAL DATA ELEMENT F, LDF (RLIN) | |
| a | 7 |
| b | cbu |
| c | orignew |
| d | 1 |
| e | ocip |
| f | 19 |
| g | y-gencatlg |
| 942 ## - ADDED ENTRY ELEMENTS (KOHA) | |
| Source of classification or shelving scheme | Dewey Decimal Classification |
| Koha item type | Short Loan |
| Withdrawn status | Lost status | Source of classification or shelving scheme | Damaged status | Not for loan | Home library | Current library | Date acquired | Inventory number | Total Checkouts | Full call number | Barcode | Date last seen | Price effective from | Koha item type |
|---|---|---|---|---|---|---|---|---|---|---|---|---|---|---|
| Dewey Decimal Classification | MUST Main Library | MUST Main Library | 26/04/2016 | 2010/32114 | 523.2 SOL 1999 | 2016-1398 | 26/04/2016 | 26/04/2016 | Short Loan |
